000
00299nam a22001457a 4500
003
OSt
020
_a
NA
040
_c
0
082
_2
22
_a
495.4
100
_a
Ngawang Chhador.
245
_a
Lekshey joenwang gi delpa /
260
_b
K. M. T. Press,
_c
c2005.
300
_a
0
_b
ill. ;
942
_2
ddc
_c
DZ
999
_c
4507
_d
4507